000 00252nam a2200097Ia 4500
082 _aJ 954 MASO
245 0 _aThe Indian subcontinent
100 _a MASON, Paul New York, 2009
_961470
942 _cBK
008 210817s9999 xx 000 0 und d
999 _c193573
_d193572